Strzały pod wulkanami /
Збережено в:
| Автор: | |
|---|---|
| Формат: | Книга |
| Мова: | Польська |
| Опубліковано: |
Warszawa :
Wydaw. Min. Obrony Narodowej,
[1986]
|
| Серія: | Sensacje 20 Wieku
|
| Предмети: | |
| Теги: |
Немає тегів, Будьте першим, хто поставить тег для цього запису!
|
MARC
| LEADER | 00000nam a2200000 i 4500 | ||
|---|---|---|---|
| 001 | 991007104179705066 | ||
| 005 | 20260515140225.0 | ||
| 008 | 981023s1986 pl |000 0 pol d | ||
| 020 | |a 8311073597 | ||
| 035 | |a 991007104179705066 | ||
| 035 | |a (PL-WaBN)b11846100-48omnis_nlop | ||
| 035 | |a b11846100 | ||
| 035 | |a (OCoLC)749565330 | ||
| 035 | |a (PL)b0000001184610 | ||
| 035 | |a (EXLNZ-48OMNIS_NETWORK)9910380849005606 | ||
| 040 | |a WA N |c WA N |d WA N | ||
| 041 | 0 | |a pol | |
| 080 | |a 972.85 | ||
| 090 | |c 48 |d 47 | ||
| 100 | 1 | |a Fijałkowski, Wiesław |d (?-2004) | |
| 245 | 1 | 0 | |a Strzały pod wulkanami / |c Wiesław Fijałkowski. |
| 260 | |a Warszawa : |b Wydaw. Min. Obrony Narodowej, |c [1986] |e (Łódź : |f Wojs.D, |g 1986). | ||
| 300 | |a 159, [1] s. ; |c 14 cm. | ||
| 490 | 1 | |a Sensacje XX Wieku | |
| 651 | 7 | |a Nikaragua | |
| 830 | 0 | |a Sensacje 20 Wieku | |
| 920 | |a 83-11-07359-7 zł 40 | ||
| 942 | |c K | ||
| 952 | |0 0 |1 0 |4 0 |6 R__26_000000000000000 |7 0 |9 46 |a RYT |b RYT |d 2026-03-17 |e 1/2026 |g 10.00 |l 0 |o R.26 |p 2000000000268 |r 2026-05-15 14:02:25 |w 2026-05-15 |y BK |z da | ||
| 999 | |c 46 |d 46 | ||